| 000 | 00423nam a2200145Ia 4500 | ||
|---|---|---|---|
| 008 | 221007s9999 xx 000 0 und d | ||
| 041 | _aeng | ||
| 082 | _bCHA | ||
| 100 |
_aChavan Bhagyashree - 2K111017 & Dr. Mukund Tapkir - Guide _9102316 |
||
| 245 | _aTraining & Development in Tech-Mark Automation & Controls | ||
| 260 |
_c2013 _bPune University _aPune |
||
| 300 | _a62p | ||
| 520 | _aTapkir Mukund | ||
| 906 | _bGeneral | ||
| 999 |
_c69478 _d69478 |
||